000 00579nam a2200193Ia 4500
005 20250508164903.0
008 008 250505s9999 xx 000 0 eng d
037 _aDissertations
040 _aFEDL
_beng
_cFEDL
041 _aeng
_2eng
084 _a371.4, MEE/DI
_qFEDL
100 _aMeena Neelu Rani
_9779248
245 0 _aEvaluation of the guidance programme organized in government schools of Delhi
260 _c2003
300 _a129p.
546 _aM.Ed. Dissertation (Delhi University)
942 _cDIS
_h371.4, MEE/DI
999 _c1391805
_d1391805